000 00418nam a2200181Ia 4500
001 9742
005 20260306161740.0
008 260306t1989||||xx |||||||||||||| ||spa||
041 _aESP
082 _a410
_bR78
100 _aRojas, Ibico
_eAUT
245 0 _aEstudios de lingüística general
260 _c1989
300 _a163 páginas :
_c21 cm.
650 _aGEN
654 _aCED
942 _cLIB
_dJUS
_fJUS
_2ddc
_n
999 _c9742
_d9742